| 000 | 00623nam a22002177a 4500 | ||
|---|---|---|---|
| 005 | 20230605131140.0 | ||
| 008 | 230605b ||||| |||| 00| 0 eng d | ||
| 040 | _cAL | ||
| 041 | _aEnglish | ||
| 082 |
_223 _a428.2 _bUNIS |
||
| 100 |
_aUnique Publishers _9119634 |
||
| 245 | _aSubhashini : English and Communication Skills | ||
| 260 |
_aBangalore _bUnique Publishers _c2015 |
||
| 300 |
_a148 p. _bPB _c23x17 cm. |
||
| 365 |
_c₹ _d₹275.00 |
||
| 650 |
_aCommunication skills _9119635 |
||
| 650 |
_aLanguage skills _9119636 |
||
| 650 |
_aPhonetics _9119637 |
||
| 700 |
_aUNIQUE PUBLISHERS _9119638 |
||
| 942 |
_2ddc _cDB |
||
| 999 |
_c227405 _d227405 |
||